|
|
|
|
| LEADER |
01325nam a2200361 a 4500 |
| 001 |
EBC1144553 |
| 003 |
MiAaPQ |
| 005 |
20200520144314.0 |
| 006 |
m o d | |
| 007 |
cr cn||||||||| |
| 008 |
130320r20061970enk sb 000 0 eng d |
| 020 |
|
|
|z 9780415379274 (hardback)
|
| 020 |
|
|
|z 9780415489508 (pbk.)
|
| 020 |
|
|
|a 9780203709481 (electronic bk.)
|
| 035 |
|
|
|a (MiAaPQ)EBC1144553
|
| 035 |
|
|
|a (Au-PeEL)EBL1144553
|
| 035 |
|
|
|a (CaPaEBR)ebr10670557
|
| 035 |
|
|
|a (CaONFJC)MIL460049
|
| 035 |
|
|
|a (OCoLC)831119455
|
| 040 |
|
|
|a MiAaPQ
|c MiAaPQ
|d MiAaPQ
|
| 050 |
|
4 |
|a HC39
|b .E26 2006
|
| 245 |
0 |
4 |
|a The economic decline of empires
|h [electronic resource] /
|c edited by Carlo M. Cipolla.
|
| 260 |
|
|
|a London :
|b Routledge,
|c 2006.
|
| 300 |
|
|
|a 280 p.
|
| 490 |
0 |
|
|a Routledge library editions. Economic history
|
| 500 |
|
|
|a First published in 1970 by Methuen & Co. Ltd.
|
| 504 |
|
|
|a Includes bibliographical references.
|
| 533 |
|
|
|a Electronic reproduction. Ann Arbor, MI : ProQuest, 2015. Available via World Wide Web. Access may be limited to ProQuest affiliated libraries.
|
| 650 |
|
0 |
|a Economic history.
|
| 655 |
|
4 |
|a Electronic books.
|
| 700 |
1 |
|
|a Cipolla, Carlo M.
|
| 710 |
2 |
|
|a ProQuest (Firm)
|
| 856 |
4 |
0 |
|u https://ebookcentral.proquest.com/lib/matrademy/detail.action?docID=1144553
|z Click to View
|